| 000 | 00865 a2200241 4500 | ||
|---|---|---|---|
| 008 | 080822t xxu||||| |||| 00| 0 eng d | ||
| 010 | _aENG-85088 | ||
| 020 |
_a8188689491 _c375.00 |
||
| 035 | _aEN-68621 | ||
| 037 | _bD.B.Act / Pub | ||
| 082 | _a631.4 | ||
| 100 | _aLeeper, G. W | ||
| 245 |
_aSoil Science _ban introduction _cby G. W Leeper and N. C. Uren |
||
| 250 | _a5th ed | ||
| 260 |
_aNew Delhi _bOverseas Press India _c2006 |
||
| 270 |
_a7/28, Ansari Road, Darya Ganj _bNew Delhi _e110 002 _moverseas@de13.vsnl.nic.in |
||
| 300 |
_axi,300p. _b22cm.(Pbk) |
||
| 500 | _aincludes index | ||
| 700 | _aUren, N.C | ||
| 710 | _b. | ||
| 942 |
_adpl _cEN _k631.4 / LEE _2ddc _h631.4 _mLEE |
||
| 999 |
_c1217 _d1217 |
||